|
|
|
|
| LEADER |
00000nam0a2200000 4500 |
| 001 |
119119 |
| 005 |
20231031124426.0 |
| 020 |
|
|
|a RU
|b 86-42961
|
| 035 |
|
|
|a (RuTPU)RU\TPU\book\128896
|
| 090 |
|
|
|a 119119
|
| 100 |
|
|
|a 20070623d1986 m y0rusy5003 ca
|
| 101 |
0 |
|
|a rus
|
| 102 |
|
|
|a RU
|
| 105 |
|
|
|a a j 001zy
|
| 200 |
1 |
|
|a Общая технология кузнечно-штамповочного производства
|e учебник
|f С. Н. Зорчев, В. Н. Кузьминцев
|
| 205 |
|
|
|a 2-е изд., перераб. и доп.
|
| 210 |
|
|
|a Москва
|c Высшая школа
|d 1986
|
| 215 |
|
|
|a 86 с.
|c ил.
|
| 320 |
|
|
|a Библиогр.: с. 85
|
| 610 |
1 |
|
|a технология
|
| 610 |
1 |
|
|a кузнечное производство
|
| 610 |
1 |
|
|a штамповочное производство
|
| 610 |
1 |
|
|a обработка
|
| 610 |
1 |
|
|a металлы
|
| 610 |
1 |
|
|a ковка
|
| 610 |
1 |
|
|a штамповка
|
| 610 |
1 |
|
|a теория
|
| 610 |
1 |
|
|a контроль
|
| 610 |
1 |
|
|a качество
|
| 675 |
|
|
|a 621.735(075.3)
|v 4
|
| 700 |
|
1 |
|a Зорчев
|b С. Н.
|g Сергей Николаевич
|
| 701 |
|
1 |
|a Кузьминцев
|b В. Н.
|g Виктор Николаевич
|
| 801 |
|
0 |
|a RU
|b RuMRKP
|c 19950704
|g psbo
|
| 801 |
|
1 |
|a RU
|b 63413507
|c 20070623
|g PSBO
|
| 801 |
|
2 |
|a RU
|b 63413507
|c 20220131
|g PSBO
|
| 942 |
|
|
|c BK
|